Historia de la literatura y otros cuentos

Uloženo v:
Podrobná bibliografie
Hlavní autor: Gallardo, Andrés (Autor)
Médium: Kniha
Jazyk:španělština
Vydáno: Concepción Andalién 1982
Vydání:1a. ed
Témata:
Tagy: Přidat tag
Žádné tagy, Buďte první, kdo vytvoří štítek k tomuto záznamu!

MARC

LEADER 00000nam a2200000 a 4500
001 UCK7662
003 CL-VaPUC
008 051202e19820000CL |||||||||||||||||spa|d
082 0 4 |a Ch863  |b GAL  |2 21 
100 |a Gallardo, Andrés  |e author  |9 558048 
245 1 0 |a Historia de la literatura y otros cuentos 
250 |a 1a. ed 
300 |a 46 p 
942 |c BK 
945 |d 20051202 00:00:00  |a cmena 
260 |a Concepción  |b Andalién  |c 1982 
650 0 |a Cuentos chilenos   |9 308280 
650 0 |a Literatura chilena   |9 308278 
583 |a last modification  |c 20051202 00:00:00  |k Rodrigo Vera 
999 |c 315514  |d 315512 
952 |0 0  |1 0  |4 0  |6 CH_863_000000000000000_GAL_1982  |7 0  |8 A  |9 388825  |a BIBEDU  |b BIBEDU  |d 2019-11-22  |i 4190149  |o Ch863 GAL 1982  |p 4190149  |r 2019-11-22  |w 2019-11-22  |y BK  |k LIT